000
00220nam a22000977a 4500
040
_c
DLC
082
_a
620.11
_b
TIM
100
_a
Timoshenko, S.
_9
35958
245
_a
Strength of Materials
_c
S. Timoshenko
942
_2
ddc
_c
BK
999
_c
585854
_d
585854